Statistics for Quess the country from the stereotypes

Click here to take the quiz!

General Stats

  • This quiz has been taken 48 times
  • The average score is 4 of 15

Answer Stats

HintAnswer% Correct
"you Drink tea ALWAYS, at the dinner, at the morning at the crhistmas table"United kingdom
93%
"This country has a union whit Yemen"Oman
57%
This country has a union whit OmanYemen
48%
Everyone here knows how to climb a MountainNepal
45%
"Everyone here are poor millionares*Zimbabwe
29%
"Nobady has food here"Nigeria
19%
"The people from here only eats fish and spiders"Cambodia
17%
"Everyone here is poor"Congo
12%
"Everyone here are millionares"Liechtenstein
12%
"This country has landmines on every road"Angola
10%
"Nobady here has a car"Morocco
10%
"People from this country smell bad"Senegal
7%
"Everyone here has Chinese friends"Guyana
5%
"Everyone is starving on this country, due to inflation "Libanon
5%
"you dont know how to pronounce your country"Nauru
5%

Score Distribution

Percentile by Number Answered

Percent of People with Each Score

Your Score History

You have not taken this quiz